000 00782nam a2200241 a 4500
005 20230420063524.0
008 050425s1999 000 eng d
020 _a2090333308
035 _aUPN01000138574
049 _aCG
050 4 _aP51
_bG3.3
100 1 _aGalisson, Robert
245 1 3 _aLa formation en questions /
_cRobert Galisson, Christian Puren.
260 _aParis :
_bCLE International,
_c1999.
300 _a127 p. :
_bfigs.
440 0 _aDidactique des langues étrangères
590 _a(También localizas un ejemplar en el "Area de Reserva")
590 _aBibliografía Básica (BGTQ)
650 4 _aLenguaje y lenguas
_xEstudio y enseñanza
_96150
650 7 _aTécnica de preguntas
_2
_918174
700 1 _aPuren, Christian,
_ecoaut.
905 _aLibro
999 _c110722
_d110722